[Event "19th Reykjavik op"]
[Site "Reykjavik ISL"]
[Date "2000.04.06"]
[Round "2.4"]
[White "Sokolov, Ivan"]
[Black "Bricard, Emmanuel"]
[Result "1/2-1/2"]
[WhiteElo "2637"]
[BlackElo "2461"]
[EventDate "2000.04.05"]
[PlyCount "151"]

1.d4 e6 2.c4 b6 3.Nf3 Bb7 4.Nc3 Bb4 5.Bg5 Bxc3+ 6.bxc3 f6 7.Bh4 g5 8.Bg3 
h5 9.h4 g4 10.Nd2 d6 11.e4 Nd7 12.Bd3 Qe7 13.c5 bxc5 14.Rb1 Bc6 15.O-O Nb6
16.Qe2 e5 17.dxc5 dxc5 18.Nb3 Nh6 19.Bb5 Bxb5 20.Qxb5+ Kf7 21.Nxc5 Kg6 22.
Na6 Rhd8 23.Rbd1 Nf7 24.Qc6 Rd6 25.Qc5 Qd7 26.Rc1 Qa4 27.Nb4 a5 28.Nd5 
Nxd5 29.exd5 c6 30.dxc6 Qxc6 31.Qe3 Qc4 32.f4 Rd3 33.Qf2 e4 34.f5+ Kg7 35.
Bf4 Rad8 36.Rfe1 a4 37.Rb1 Rxc3 38.Rb7 Rc2 39.Qb6 Qd4+ 40.Qxd4 Rxd4 41.Kh2
Kf8 42.Ra7 Ke8 43.Rb1 Rd7 44.Rxa4 Ne5 45.Rxe4 Kf7 46.Bxe5 fxe5 47.Rxe5 
Rdd2 48.Rg1 Rd3 49.Rge1 Rxa2 50.Re7+ Kf6 51.R7e6+ Kxf5 52.R1e5+ Kf4 53.
Re4+ Kf5 54.R6e5+ Kf6 55.Rxh5 g3+ 56.Kh3 Rdd2 57.Rh6+ Kg7 58.Rb6 Rxg2 59.
Re7+ Kf8 60.Rc7 Rh2+ 61.Kxg3 Rhe2 62.h5 Re7 63.Rf6+ Kg7 64.Rg6+ Kf7 65.Rc3
Ra1 66.Rf3+ Ke8 67.Rg8+ Kd7 68.Rb8 Rg7+ 69.Kh2 Rgg1 70.Rb5 Rh1+ 71.Kg3 
Rag1+ 72.Kf4 Rh4+ 73.Ke3 Rgh1 74.Rf7+ Ke6 75.Rf3 Rxh5 76.Rxh5 1/2-1/2

[Event "19th Reykjavik op"]
[Site "Reykjavik ISL"]
[Date "2000.04.06"]
[Round "2.6"]
[White "Agrest, Evgenij"]
[Black "Arizmendi Martinez, Julen Luis"]
[Result "1/2-1/2"]
[WhiteElo "2603"]
[BlackElo "2445"]
[EventDate "2000.04.05"]
[PlyCount "45"]

1.d4 Nf6 2.c4 g6 3.Nc3 Bg7 4.e4 d6 5.h3 O-O 6.Bg5 Qe8 7.Be2 e5 8.d5 Na6 9.
g4 Bd7 10.Nf3 c6 11.Qd2 cxd5 12.cxd5 Nc5 13.Be3 Rc8 14.a4 Qd8 15.a5 Ne8 
16.Rg1 Kh8 17.Ra3 f5 18.gxf5 gxf5 19.Bg5 Bf6 20.Bh6 Bg7 21.Bg5 Bf6 22.Bh6 
Bg7 23.Bg5 1/2-1/2

[Event "19th Reykjavik op"]
[Site "Reykjavik ISL"]
[Date "2000.04.06"]
[Round "2.13"]
[White "Hardarson, Robert"]
[Black "Conquest, Stuart"]
[Result "0-1"]
[WhiteElo "2356"]
[BlackElo "2563"]
[EventDate "2000.04.05"]
[PlyCount "82"]

1.e4 c5 2.d4 cxd4 3.c3 dxc3 4.Nxc3 e6 5.Nf3 a6 6.Bc4 Ne7 7.O-O Ng6 8.a4 
Be7 9.Be3 Nc6 10.Bb3 O-O 11.Nd2 Na5 12.Nc4 Nxc4 13.Bxc4 b6 14.f4 Qc7 15.
Bb3 Bb7 16.Kh1 Rac8 17.Qh5 Bc5 18.Bd2 f5 19.Rae1 Ne7 20.Rf3 Rf6 21.Rd3 Kh8
22.Qe2 Rg6 23.Bc2 Rf8 24.Rh3 Qc6 25.Qh5 Rh6 26.Qf3 Rxh3 27.Qxh3 b5 28.exf5
Nxf5 29.axb5 axb5 30.Be4 Qc8 31.Bxb7 Qxb7 32.Ne4 Be7 33.Bc3 b4 34.Be5 d6 
35.Nxd6 Bxd6 36.Bxd6 Nxd6 37.Qxe6 Qc7 38.h3 h6 39.Rd1 Nf5 40.Rd7 Qc1+ 41.
Kh2 Qxf4+ 0-1

[Event "19th Reykjavik op"]
[Site "Reykjavik ISL"]
[Date "2000.04.06"]
[Round "2.15"]
[White "Wiley, Tom"]
[Black "Hillarp Persson, Tiger"]
[Result "1/2-1/2"]
[WhiteElo "2294"]
[BlackElo "2548"]
[EventDate "2000.04.05"]
[PlyCount "76"]

1.d4 e6 2.c4 c5 3.d5 exd5 4.cxd5 d6 5.Nc3 Ne7 6.e4 Ng6 7.Bd3 Be7 8.Nge2 
O-O 9.O-O Bf6 10.h3 Re8 11.Kh1 a6 12.a4 c4 13.Bc2 Nd7 14.Be3 b6 15.Qd2 Nc5
16.f4 Bd7 17.a5 Rc8 18.axb6 Qxb6 19.Ra2 Bb5 20.Bd4 Qd8 21.Bxf6 Qxf6 22.Qd4
Qd8 23.Ng3 Bd7 24.Nh5 f6 25.f5 Ne5 26.Nf4 Rb8 27.Ne6 Qb6 28.Rfa1 Nxe6 29.
Qxb6 Rxb6 30.dxe6 Bc6 31.Ba4 Bxa4 32.Nxa4 Rc6 33.Nc3 Ra8 34.Nd5 Kf8 35.Kg1
Nd3 36.g4 Nc5 37.Re1 Rb8 38.Re2 Nb3 1/2-1/2

[Event "19th Reykjavik op"]
[Site "Reykjavik ISL"]
[Date "2000.04.06"]
[Round "2.18"]
[White "Bjarnason, Saevar"]
[Black "Kjartansson, Gudmundur"]
[Result "1-0"]
[WhiteElo "2305"]
[BlackElo "2248"]
[EventDate "2000.04.05"]
[PlyCount "139"]

1.Nf3 d5 2.g3 Nf6 3.Bg2 c6 4.O-O Bg4 5.d3 Nbd7 6.Nbd2 e6 7.b3 Be7 8.Bb2 
O-O 9.c4 Rc8 10.h3 Bh5 11.Qc2 Bg6 12.Nh4 dxc4 13.Nxg6 hxg6 14.bxc4 b5 15.
Rfc1 Bb4 16.a3 Bxd2 17.Qxd2 e5 18.cxb5 cxb5 19.Rxc8 Qxc8 20.Rc1 Qb8 21.Qc3
Qb6 22.Qc7 Rb8 23.Qxb6 Rxb6 24.Rc8+ Kh7 25.Rc7 a6 26.g4 Rd6 27.Rc6 Rxc6 
28.Bxc6 g5 29.Bc3 Kg8 30.Bd2 Nb8 31.Bb7 Nfd7 32.Bxg5 f6 33.Bd2 Kf7 34.Bd5+
Ke7 35.Bb4+ Kd8 36.Kg2 Kc7 37.Kg3 Nc6 38.Bd2 Nc5 39.Kh4 Kd6 40.Bg2 Nb3 41.
Bc3 Ncd4 42.Bb4+ Ke6 43.e3 Nc2 44.Bf8 Kf7 45.Bb4 Ke6 46.Bb7 Nxb4 47.axb4 
a5 48.Bc6 axb4 49.Bxb5 Na5 50.g5 b3 51.d4 e4 52.Ba4 f5 53.Kh5 Kf7 54.h4 b2
55.Bc2 Nc6 56.Bb1 Ne7 57.Ba2+ Kf8 58.g6 Ng8 59.Kg5 Nh6 60.Kf4 Ke7 61.Ke5 
Ng4+ 62.Kxf5 Nxf2 63.h5 Nd1 64.h6 Nc3 65.hxg7 Nxa2 66.g8=Q b1=Q 67.Qe6+ 
Kd8 68.g7 Qf1+ 69.Ke5 Qb5+ 70.Qd5+ 1-0

[Event "19th Reykjavik op"]
[Site "Reykjavik ISL"]
[Date "2000.04.06"]
[Round "2.19"]
[White "Jonasson, Benedikt"]
[Black "Bykhovsky, Anatoly A."]
[Result "1-0"]
[WhiteElo "2285"]
[BlackElo "2409"]
[EventDate "2000.04.05"]
[PlyCount "57"]

1.e4 e5 2.Nf3 Nc6 3.Bb5 a6 4.Ba4 Nf6 5.O-O Be7 6.Re1 b5 7.Bb3 d6 8.c3 O-O 
9.h3 Nd7 10.d4 Bf6 11.a4 Bb7 12.axb5 axb5 13.Rxa8 Qxa8 14.Na3 Ba6 15.Bd5 
Nb6 16.dxe5 Nxd5 17.exf6 Nxf6 18.Bg5 Nd7 19.Nd4 Nxd4 20.cxd4 b4 21.Nc2 b3 
22.Nb4 Bb7 23.Qg4 Qa4 24.Bh6 g6 25.Rc1 Rc8 26.d5 Nf6 27.Qh4 Ne8 28.Qe7 Ng7
29.Rxc7 1-0

[Event "19th Reykjavik op"]
[Site "Reykjavik ISL"]
[Date "2000.04.06"]
[Round "2.20"]
[White "Steindorsson, Sigurdur Pall"]
[Black "Hannesson, Olafur Isberg"]
[Result "1-0"]
[WhiteElo "2056"]
[BlackElo "2161"]
[EventDate "2000.04.05"]
[PlyCount "57"]

1.c4 Nf6 2.Nc3 e6 3.e4 c5 4.e5 Ng8 5.Nf3 Nc6 6.d4 cxd4 7.Nxd4 Nxe5 8.Qa4 
Nc6 9.Ndb5 Bb4 10.Bf4 d6 11.O-O-O Bd7 12.Ne4 e5 13.Nexd6+ Bxd6 14.Nxd6+ 
Kf8 15.Qa3 exf4 16.Nxb7+ Qe7 17.Rxd7 Qxa3 18.bxa3 Nge7 19.c5 g6 20.Bb5 Ne5
21.Rd4 a6 22.Ba4 Rc8 23.Rhd1 Rc7 24.Rb4 Kg7 25.Kb1 N5c6 26.Rb2 Rb8 27.Nd6 
Rxb2+ 28.Kxb2 Ne5 29.Ne8+ 1-0

[Event "19th Reykjavik op"]
[Site "Reykjavik ISL"]
[Date "2000.04.06"]
[Round "2.21"]
[White "Bjornsson, Sigurbjorn"]
[Black "Bergsson, Stefan"]
[Result "1-0"]
[WhiteElo "2282"]
[BlackElo "2021"]
[EventDate "2000.04.05"]
[PlyCount "53"]

1.e4 c5 2.Nf3 e6 3.d4 cxd4 4.Nxd4 a6 5.Nc3 b5 6.Bd3 Qc7 7.O-O Bb7 8.a3 Nf6
9.Qe2 d6 10.Kh1 Nbd7 11.f4 h5 12.Be3 Nc5 13.Bg1 Be7 14.Rae1 O-O-O 15.b4 
Ncd7 16.Ndxb5 axb5 17.Nxb5 Qb8 18.Na7+ Kc7 19.Nb5+ Kc8 20.e5 Rdg8 21.exd6 
Bf8 22.Ba7 Qa8 23.Qf2 Ng4 24.Qd2 h4 25.Qc3+ Kd8 26.Qc7+ Ke8 27.Rxe6+ 1-0

[Event "19th Reykjavik op"]
[Site "Reykjavik ISL"]
[Date "2000.04.06"]
[Round "2.22"]
[White "Thorfinnsson, Bragi"]
[Black "Edvardsson, Kristjan"]
[Result "1-0"]
[WhiteElo "2260"]
[BlackElo "2170"]
[EventDate "2000.04.05"]
[PlyCount "81"]

1.d4 Nf6 2.c4 e6 3.Nc3 Bb4 4.e3 c5 5.Bd3 Nc6 6.Nf3 cxd4 7.exd4 d5 8.O-O 
O-O 9.Bg5 dxc4 10.Bxc4 Be7 11.Re1 b6 12.Rc1 Bb7 13.a3 Rc8 14.Ba2 Nd5 15.
Bd2 Nxc3 16.Bxc3 Bf6 17.d5 exd5 18.Bxd5 h6 19.h3 Bxc3 20.Rxc3 Na5 21.Rd3 
Bxd5 22.Rxd5 Qf6 23.Ne5 Rfe8 24.Re3 Red8 25.Rf3 Qg5 26.g3 Rc1 27.Rxd8+ Kh7
28.Nxf7 Rxd1+ 29.Rxd1 Qe7 30.Nd6 Qe6 31.Kg2 Qe2 32.Rdd3 Qxb2 33.Rf7 Qe5 
34.Nf5 Kg6 35.Rdd7 Qe4+ 36.Kh2 Qe2 37.Rxg7+ Kxf5 38.Rdf7+ Ke4 39.Re7+ Kd3 
40.Rxe2 Kxe2 41.Kg2 1-0

[Event "19th Reykjavik op"]
[Site "Reykjavik ISL"]
[Date "2000.04.06"]
[Round "2.24"]
[White "Kristjansson, Stefan"]
[Black "Schmitz, Andreas"]
[Result "0-1"]
[WhiteElo "2254"]
[BlackElo "2159"]
[EventDate "2000.04.05"]
[PlyCount "58"]

1.e4 e6 2.d3 d5 3.Nd2 Nf6 4.Ngf3 b6 5.c3 a5 6.Be2 dxe4 7.dxe4 a4 8.O-O Be7
9.Qc2 O-O 10.Rd1 c5 11.e5 Nd5 12.Ne4 Qc7 13.a3 c4 14.Neg5 Bxg5 15.Bxg5 Nd7
16.Qe4 b5 17.Re1 Nc5 18.Qh4 h6 19.Rad1 f6 20.Bc1 fxe5 21.Bf1 Rf5 22.Qg3 
Nf4 23.Nxe5 Nh5 24.Qe3 Bb7 25.g4 Rxe5 26.Qxe5 Qc6 27.f3 Qxf3 28.Qxh5 Rf8 
29.Bf4 Rxf4 0-1

[Event "19th Reykjavik op"]
[Site "Reykjavik ISL"]
[Date "2000.04.06"]
[Round "2.25"]
[White "Schmied, Andreas"]
[Black "Halldorsson, Bragi"]
[Result "1/2-1/2"]
[WhiteElo "2158"]
[BlackElo "2242"]
[EventDate "2000.04.05"]
[PlyCount "137"]

1.e4 c6 2.d4 d5 3.exd5 cxd5 4.c4 e6 5.Nf3 Nf6 6.Nc3 Be7 7.Bd3 O-O 8.Bg5 
dxc4 9.Bxc4 Nc6 10.O-O b6 11.Qd2 Bb7 12.Rfd1 Rc8 13.Qe2 Nb4 14.Ne5 Nbd5 
15.Rac1 h6 16.Bd2 Qd6 17.Bd3 Rfd8 18.Bb1 a6 19.Kh1 b5 20.a3 Nxc3 21.Bxc3 
Nd5 22.Qf3 f5 23.Qh5 Rf8 24.Ng6 Bg5 25.Bb4 Nxb4 26.Rxc8 Rxc8 27.axb4 Qxb4 
28.Ba2 Qd6 29.h4 Bf6 30.Qxf5 Bd5 31.Bxd5 Qxd5 32.Qxf6 gxf6 33.Ne7+ Kf7 34.
Nxd5 exd5 35.Ra1 Rc4 36.Rxa6 Rxd4 37.g3 Rd2 38.Kg2 b4 39.Kf3 Ke7 40.Rb6 
Rxb2 41.Ke3 b3 42.Kd4 Rb1 43.Kc3 Rc1+ 44.Kd3 Rd1+ 45.Kc3 Rf1 46.Rxb3 Rxf2 
47.Kd4 Ke6 48.Rb8 Rf3 49.Rh8 Rxg3 50.Rxh6 Rg4+ 51.Kd3 Ke5 52.Rh8 d4 53.
Re8+ Kf5 54.Rh8 Rf4 55.h5 Rh4 56.Rg8 Rxh5 57.Kxd4 Rh3 58.Rf8 Ra3 59.Rf7 
Rb3 60.Rf8 Kg5 61.Ke4 Rb4+ 62.Kf3 Kf5 63.Ra8 Rb3+ 64.Kf2 Kg5 65.Ra4 f5 66.
Rc4 Rh3 67.Ra4 Rb3 68.Rc4 f4 69.Rc8 1/2-1/2

[Event "19th Reykjavik op"]
[Site "Reykjavik ISL"]
[Date "2000.04.06"]
[Round "2.26"]
[White "Schnabel, Ralf"]
[Black "Schmitz, Manuela"]
[Result "0-1"]
[WhiteElo "2233"]
[BlackElo "2134"]
[EventDate "2000.04.05"]
[PlyCount "60"]

1.e4 e6 2.d4 d5 3.Nd2 Nf6 4.e5 Nfd7 5.c3 c5 6.Bd3 Nc6 7.Ne2 cxd4 8.cxd4 
Qb6 9.Nf3 f6 10.exf6 Nxf6 11.O-O Bd6 12.b3 e5 13.dxe5 Nxe5 14.Nxe5 Bxe5 
15.Rb1 O-O 16.Bf4 Qd6 17.Qd2 Ng4 18.Bg3 Bd7 19.Rbd1 Rad8 20.b4 Kh8 21.a3 
Qf6 22.h3 Bxg3 23.Nxg3 Ne5 24.Be2 a6 25.Nh5 Qg6 26.Qc3 Rde8 27.Ng3 Qe6 28.
Qc5 Bc6 29.Qd4 Qf6 30.Ra1 Nf3+ 0-1

[Event "19th Reykjavik op"]
[Site "Reykjavik ISL"]
[Date "2000.04.06"]
[Round "2.27"]
[White "Ragnarsson, Johann"]
[Black "Gunnarsson, Arnar"]
[Result "0-1"]
[WhiteElo "2129"]
[BlackElo "2227"]
[EventDate "2000.04.05"]
[PlyCount "54"]

1.d4 Nf6 2.c4 e6 3.Nc3 d5 4.Bg5 Nbd7 5.e3 Be7 6.Nf3 O-O 7.Bd3 c6 8.cxd5 
exd5 9.Qc2 Re8 10.h3 Nf8 11.O-O b6 12.Ne5 Bb7 13.Bf5 Nh5 14.Bxe7 Qxe7 15.
Na4 c5 16.Qb3 g6 17.Bb1 cxd4 18.exd4 Ne6 19.Nf3 Qf6 20.Nc3 Nhf4 21.a4 
Nxh3+ 22.Kh2 Nhg5 23.Nb5 a6 24.Nxg5 axb5 25.Nxe6 Rxe6 26.Qxb5 Ba6 27.Qxd5 
Rd8 0-1

[Event "19th Reykjavik op"]
[Site "Reykjavik ISL"]
[Date "2000.04.06"]
[Round "2.28"]
[White "Bjornsson, Tomas"]
[Black "Einarsson, Einar Kristinn"]
[Result "1-0"]
[WhiteElo "2224"]
[BlackElo "2111"]
[EventDate "2000.04.05"]
[PlyCount "66"]

1.e4 Nf6 2.e5 Nd5 3.d4 d6 4.c4 Nb6 5.exd6 cxd6 6.Nf3 g6 7.Be2 Bg7 8.h3 Nc6
9.O-O O-O 10.Nc3 Bf5 11.b3 d5 12.Be3 dxc4 13.bxc4 e5 14.d5 Na5 15.c5 e4 
16.Nd4 Nxd5 17.Nxd5 Qxd5 18.Nxf5 Qxf5 19.Rb1 Rab8 20.Rb5 Nc6 21.Qb1 Bd4 
22.Bh6 Rfd8 23.Rxb7 Bxc5 24.Bg4 Rxb7 25.Qxb7 Qf6 26.Qb5 Qd6 27.Rc1 Bxf2+ 
28.Kxf2 Ne5 29.Be2 Qf6+ 30.Kg1 g5 31.Rf1 Nf3+ 32.Bxf3 Qxh6 33.Bxe4 Qd6 1-0

[Event "19th Reykjavik op"]
[Site "Reykjavik ISL"]
[Date "2000.04.06"]
[Round "2.29"]
[White "Marks, H."]
[Black "Nyysti, Sampsa"]
[Result "1-0"]
[WhiteElo "2085"]
[BlackElo "2224"]
[EventDate "2000.04.05"]
[PlyCount "71"]

1.Nf3 c5 2.c4 Nf6 3.g3 d5 4.cxd5 Nxd5 5.Bg2 Nc6 6.Nc3 Nc7 7.d3 e5 8.O-O 
Be7 9.Nd2 Bd7 10.Nc4 O-O 11.a4 Rb8 12.f4 Be6 13.Bxc6 Bxc4 14.Bg2 Be6 15.f5
Bd5 16.Nxd5 Nxd5 17.Qb3 Nb4 18.Be3 b6 19.Kh1 Bg5 20.Bg1 Qd6 21.Qc4 Rfd8 
22.a5 Nc6 23.axb6 axb6 24.h4 Bf6 25.Qe4 Nd4 26.Ra7 Nb5 27.Ra2 Qe7 28.Rfa1 
Nd6 29.Qf3 e4 30.dxe4 Nc4 31.Ra7 Qe8 32.Qb3 Nxb2 33.e5 Qxe5 34.Qxf7+ Kh8 
35.Ra8 Rf8 36.Qxf8+ 1-0

[Event "19th Reykjavik op"]
[Site "Reykjavik ISL"]
[Date "2000.04.06"]
[Round "2.30"]
[White "Schulz, Michael"]
[Black "Soupizon, Remi"]
[Result "1-0"]
[WhiteElo "2076"]
[BlackElo "2066"]
[EventDate "2000.04.05"]
[PlyCount "63"]

1.e4 d5 2.exd5 Qxd5 3.Nc3 Qa5 4.Bc4 Nf6 5.d3 Bg4 6.f3 Bh5 7.Ne2 e6 8.Bd2 
c6 9.a3 Qc7 10.Bf4 Bd6 11.Qd2 Nbd7 12.h4 Bg6 13.g4 h5 14.g5 Nd5 15.Bxd5 
exd5 16.Qe3+ Kd8 17.Bxd6 Qxd6 18.O-O-O Re8 19.Qf2 Bf5 20.Kb1 g6 21.Rhe1 
Nc5 22.Ne4 Nxe4 23.dxe4 Be6 24.c4 Kc7 25.cxd5 cxd5 26.Nc3 a6 27.Nxd5+ Bxd5
28.Rxd5 Qf4 29.Rc1+ Kb8 30.Rd7 Rc8 31.Rxc8+ Kxc8 32.Qd4 1-0

[Event "19th Reykjavik op"]
[Site "Reykjavik ISL"]
[Date "2000.04.06"]
[Round "2.31"]
[White "Valgardsson, Gudjon Heidar"]
[Black "Bjarnason, Oskar"]
[Result "0-1"]
[WhiteElo "2114"]
[BlackElo "2218"]
[EventDate "2000.04.05"]
[PlyCount "61"]

1.e4 d5 2.exd5 Qxd5 3.Nc3 Qa5 4.Nf3 Nf6 5.Be2 c6 6.O-O Bf5 7.b4 Qc7 8.Rb1 
a6 9.a4 e6 10.Nd4 Bg6 11.Bf3 Bd6 12.b5 Bxh2+ 13.Kh1 Be5 14.bxc6 Bxd4 15.
Rxb7 Qc8 16.c7 Nbd7 17.Ne2 Bc5 18.d4 Bd6 19.d5 e5 20.Rb3 e4 21.Nd4 exf3 
22.Re1+ Kf8 23.Ne6+ Kg8 24.Rxf3 Bh5 25.g4 Bxg4 26.Nxg7 Kxg7 27.Rg1 h5 28.
Rf5 Kf8 29.Qd3 Qxc7 30.Bb2 Rh6 31.Qe3 0-1

[Event "19th Reykjavik op"]
[Site "Reykjavik ISL"]
[Date "2000.04.06"]
[Round "2.32"]
[White "Sigfusson, Sigurdur"]
[Black "De Blecourt, Sandra"]
[Result "1-0"]
[WhiteElo "2215"]
[BlackElo "2027"]
[EventDate "2000.04.05"]
[PlyCount "107"]

1.e4 e6 2.d4 d5 3.Nc3 Bb4 4.e5 c5 5.Qg4 Ne7 6.Nf3 Qa5 7.Bd2 Nbc6 8.dxc5 
O-O 9.Bd3 Ng6 10.Qh5 d4 11.Ng5 h6 12.Nxf7 Rxf7 13.Bxg6 Rf8 14.Ne4 Bxd2+ 
15.Nxd2 Bd7 16.Qe2 Qxc5 17.O-O Qxe5 18.Be4 Kh8 19.Nf3 Qf6 20.Rad1 Rfd8 21.
Rfe1 Rac8 22.a3 a6 23.Bd3 b5 24.Qe4 Kg8 25.Nh4 Ne7 26.Qh7+ Kf7 27.Nf3 Rh8 
28.Qe4 Nc6 29.a4 Rb8 30.axb5 axb5 31.Bf1 e5 32.Qd5+ Qe6 33.Nxe5+ Nxe5 34.
Rxe5 Qxd5 35.Rxd5 Be6 36.R5xd4 Rhc8 37.Bd3 b4 38.b3 Rd8 39.Bc4 Rxd4 40.
Rxd4 Bxc4 41.Rxc4 Rb7 42.Kf1 Ke6 43.Ke2 Kd5 44.Kd3 Rb6 45.f4 Rg6 46.g3 Rb6
47.Rc7 g6 48.Re7 Rc6 49.Re5+ Kd6 50.Rb5 Rc3+ 51.Kd2 Rf3 52.Rxb4 Rf2+ 53.
Kd3 Rxh2 54.Rb6+ 1-0

[Event "19th Reykjavik op"]
[Site "Reykjavik ISL"]
[Date "2000.04.06"]
[Round "2.34"]
[White "Thorfinnsson, Bjoern"]
[Black "Schubert, Hans Joachim"]
[Result "1-0"]
[WhiteElo "2195"]
[BlackElo "2005"]
[EventDate "2000.04.05"]
[PlyCount "61"]

1.d4 f5 2.Nf3 Nf6 3.Bg5 Ne4 4.e3 Nxg5 5.Nxg5 e6 6.f4 Qf6 7.Bd3 h6 8.Nf3 d6
9.Nc3 Be7 10.d5 e5 11.Bc4 Nd7 12.Qe2 a6 13.a4 g5 14.g3 e4 15.Nd4 Nf8 16.
O-O-O Ng6 17.Rdf1 g4 18.h3 h5 19.Bb3 Bd7 20.Qc4 Rb8 21.Rd1 Kf8 22.Qb4 b6 
23.Qc4 a5 24.Ncb5 Bd8 25.Na7 Ra8 26.Nac6 Kg7 27.Qc3 Rc8 28.hxg4 fxg4 29.
Nxd8 Rcxd8 30.Qxc7 Kg8 31.Nc6 1-0

[Event "19th Reykjavik op"]
[Site "Reykjavik ISL"]
[Date "2000.04.06"]
[Round "2.35"]
[White "Arngrimsson, Dagur"]
[Black "Fridjonsson, Julius"]
[Result "0-1"]
[WhiteElo "2081"]
[BlackElo "2191"]
[EventDate "2000.04.05"]
[PlyCount "50"]

1.e4 c5 2.Nf3 e6 3.Nc3 Nc6 4.g3 Nf6 5.Bg2 Be7 6.O-O d6 7.d4 cxd4 8.Nxd4 
Bd7 9.Ndb5 Qb8 10.Bf4 Ne5 11.Bxe5 dxe5 12.a4 O-O 13.Qe2 a6 14.Na3 Qc7 15.
Nc4 b5 16.axb5 axb5 17.Ne3 b4 18.Na2 Ra7 19.c4 Rfa8 20.b3 Bc5 21.g4 Bc6 
22.g5 Nxe4 23.Bxe4 Bxe4 24.Ng4 Bb7 25.Rfd1 Qc6 0-1

[Event "19th Reykjavik op"]
[Site "Reykjavik ISL"]
[Date "2000.04.06"]
[Round "2.36"]
[White "Kleinert, Juergen"]
[Black "Johannesson, Ingvar Thor"]
[Result "1-0"]
[WhiteElo "2188"]
[BlackElo "2194"]
[EventDate "2000.04.05"]
[PlyCount "85"]

1.e4 e5 2.Nc3 Nc6 3.Bc4 Bc5 4.d3 d6 5.h3 Na5 6.Nf3 Nxc4 7.dxc4 Be6 8.Qe2 
h6 9.a3 a5 10.O-O Ne7 11.Rd1 Ng6 12.Na4 Ba7 13.c5 Qd7 14.b3 O-O 15.c4 Qe7 
16.cxd6 cxd6 17.Be3 b5 18.Nc3 Bxe3 19.fxe3 bxc4 20.bxc4 Rac8 21.Nd5 Qa7 
22.Kh2 Rc5 23.Rab1 Rfc8 24.Nd2 f5 25.exf5 Bxf5 26.e4 Be6 27.Rf1 Ne7 28.Nb6
Rb8 29.Nd5 Rbc8 30.Qh5 Nxd5 31.exd5 Bf7 32.Qf5 R5c7 33.Ne4 Rd8 34.Rbc1 Qe3
35.Rc3 Qe2 36.Rf2 Qd1 37.Rg3 Qb1 38.Nf6+ Kf8 39.Qxb1 gxf6 40.Rxf6 Rxc4 41.
Qh7 Rd7 42.Rg8+ Ke7 43.Qxf7# 1-0

[Event "19th Reykjavik op"]
[Site "Reykjavik ISL"]
[Date "2000.04.06"]
[Round "2.37"]
[White "Halldorsson, Halldor"]
[Black "Palsson, Halldor"]
[Result "0-1"]
[WhiteElo "2109"]
[BlackElo "2182"]
[EventDate "2000.04.05"]
[PlyCount "42"]

1.e4 c6 2.d4 d5 3.exd5 cxd5 4.Bd3 Nc6 5.c3 g6 6.Bf4 Bg7 7.Nf3 Nh6 8.h3 f6 
9.Bxh6 Bxh6 10.Nh4 O-O 11.Nxg6 hxg6 12.Bxg6 Kg7 13.Bc2 Qd6 14.Qd3 f5 15.g4
Qf4 16.Rg1 Kh8 17.h4 Qc1+ 18.Bd1 fxg4 19.Qg6 Bf5 20.Qh5 Bxb1 21.Rxb1 Qd2+ 
0-1

[Event "19th Reykjavik op"]
[Site "Reykjavik ISL"]
[Date "2000.04.06"]
[Round "2.38"]
[White "Halldorsson, Jon Arni"]
[Black "Kjartansson, Olafur"]
[Result "1-0"]
[WhiteElo "2173"]
[BlackElo "2091"]
[EventDate "2000.04.05"]
[PlyCount "81"]

1.d4 Nf6 2.Nf3 g6 3.c4 Bg7 4.Nc3 d6 5.e4 O-O 6.Be2 e5 7.Be3 Nc6 8.d5 Ne7 
9.Nd2 Nd7 10.b4 f5 11.f3 f4 12.Bf2 g5 13.c5 Nf6 14.Nc4 Ne8 15.a4 h5 16.
cxd6 Nxd6 17.Nxd6 cxd6 18.Nb5 a6 19.Na3 Bd7 20.Nc4 Nc8 21.Na5 Rb8 22.Rc1 
Qe8 23.Qc2 Ne7 24.Qa2 Rc8 25.O-O Qg6 26.Nxb7 g4 27.Qd2 Bh6 28.Bh4 Rxc1 29.
Rxc1 Nc8 30.Rc7 gxf3 31.Bxf3 Bg4 32.Qe2 Rf7 33.Rxc8+ Bxc8 34.Bxh5 Qg7 35.
Bxf7+ Qxf7 36.Nxd6 Qc7 37.Qc4 Qxc4 38.Nxc4 Bd7 39.Nxe5 Bxa4 40.d6 Bg7 41.
d7 1-0

[Event "19th Reykjavik op"]
[Site "Reykjavik ISL"]
[Date "2000.04.07"]
[Round "3.4"]
[White "Stefansson, Hannes Hlifar"]
[Black "Jonkman, Harmen"]
[Result "1-0"]
[WhiteElo "2566"]
[BlackElo "2446"]
[EventDate "2000.04.05"]
[PlyCount "85"]

1.e4 e5 2.Nf3 Nc6 3.Bb5 Nf6 4.O-O Nxe4 5.d4 Nd6 6.Bxc6 dxc6 7.dxe5 Nf5 8.
Qxd8+ Kxd8 9.Nc3 Ke8 10.h3 Ne7 11.Ne4 Ng6 12.Re1 h6 13.Be3 b6 14.Nd4 c5 
15.Nb5 Kd7 16.f4 Kc6 17.c4 Be7 18.b3 h5 19.a4 Bf5 20.Ng3 Bc2 21.Rec1 Bd3 
22.Rc3 Bh4 23.Rxd3 Bxg3 24.Rad1 Nxf4 25.Rd7 Ne6 26.R1d5 Rhf8 27.a5 a6 28.
Nxc7 Nxc7 29.R5d6+ Kb7 30.axb6 Rac8 31.Rxc7+ Rxc7 32.bxc7 Kxc7 33.Bxc5 Re8
34.Rxa6 Bxe5 35.b4 Bg3 36.Bf2 Bxf2+ 37.Kxf2 Re4 38.Ra7+ Kb6 39.Rxf7 Rxc4 
40.Rxg7 Rxb4 41.Rg5 h4 42.Rg4 Rb2+ 43.Kg1 1-0

[Event "19th Reykjavik op"]
[Site "Reykjavik ISL"]
[Date "2000.04.07"]
[Round "3.8"]
[White "Bricard, Emmanuel"]
[Black "Agrest, Evgenij"]
[Result "1-0"]
[WhiteElo "2461"]
[BlackElo "2603"]
[EventDate "2000.04.05"]
[PlyCount "109"]

1.Nf3 g6 2.e4 d6 3.d4 Nf6 4.Nc3 Bg7 5.Be3 a6 6.Qd2 b5 7.Bd3 Bb7 8.Bh6 Bxh6
9.Qxh6 b4 10.Ne2 Bxe4 11.Bxe4 Nxe4 12.Qg7 Rf8 13.Qxh7 e6 14.Qh6 Nd7 15.O-O
d5 16.Qe3 Rh8 17.c4 c6 18.Rac1 Kf8 19.Ng3 Nd6 20.Qf4 Ne8 21.cxd5 cxd5 22.
Rc6 Qf6 23.Qe3 Qe7 24.Rfc1 Kg7 25.Ng5 Nd6 26.Qf4 Nb5 27.Nf3 Rhe8 28.h4 Rh8
29.Qe3 Rxh4 30.Nxh4 Qxh4 31.Rd1 Qg4 32.Rd3 a5 33.Rd2 Rh8 34.Ra6 Rc8 35.Ne2
Qf5 36.Rd1 Rc2 37.Rxa5 Nd6 38.Ra7 Nf6 39.Nf4 Nde4 40.f3 Ng5 41.Qe5 Qxe5 
42.dxe5 Nh5 43.Nxh5+ gxh5 44.f4 Ne4 45.f5 Kg8 46.fxe6 fxe6 47.Rf1 h4 48.
Rff7 h3 49.gxh3 Rxb2 50.Rg7+ Kf8 51.Rgb7 Rb1+ 52.Kg2 Rb2+ 53.Kf3 Rf2+ 54.
Ke3 Kg8 55.Ra8+ 1-0

[Event "19th Reykjavik op"]
[Site "Reykjavik ISL"]
[Date "2000.04.07"]
[Round "3.10"]
[White "Gretarsson, Helgi Ass"]
[Black "Wiley, Tom"]
[Result "1-0"]
[WhiteElo "2543"]
[BlackElo "2294"]
[EventDate "2000.04.05"]
[PlyCount "57"]

1.d4 f5 2.Bg5 g6 3.Nc3 Bg7 4.e4 fxe4 5.Nxe4 d5 6.Nc5 b6 7.Nb3 Nf6 8.Nf3 
O-O 9.Be2 Qd6 10.O-O Nbd7 11.c4 Bb7 12.Rc1 dxc4 13.Bxc4+ Bd5 14.Re1 e6 15.
Bh4 Bh6 16.Bg3 Bf4 17.Qc2 Nh5 18.Bxd5 Qxd5 19.Rcd1 Rae8 20.Ne5 Nxe5 21.
dxe5 Qb7 22.Nd4 c5 23.Nb5 Rd8 24.Nd6 Qe7 25.Qc4 Nxg3 26.hxg3 Bxe5 27.Rxe5 
Rxd6 28.Rxd6 Qxd6 29.Rxe6 1-0

[Event "19th Reykjavik op"]
[Site "Reykjavik ISL"]
[Date "2000.04.07"]
[Round "3.11"]
[White "Hillarp Persson, Tiger"]
[Black "Jonasson, Benedikt"]
[Result "1/2-1/2"]
[WhiteElo "2548"]
[BlackElo "2285"]
[EventDate "2000.04.05"]
[PlyCount "98"]

1.d4 Nf6 2.c4 g6 3.Nc3 Bg7 4.e4 d6 5.f3 c5 6.d5 O-O 7.Nge2 e6 8.Ng3 exd5 
9.cxd5 a6 10.a4 Nbd7 11.Be2 Re8 12.O-O Rb8 13.Bg5 Qe7 14.Qd2 Qd8 15.Rab1 
h6 16.Be3 h5 17.b4 b6 18.bxc5 bxc5 19.Rxb8 Nxb8 20.a5 Qe7 21.Rb1 Nbd7 22.
Nh1 h4 23.Nf2 Nh5 24.Na4 f5 25.Nb6 Nxb6 26.Rxb6 Nf6 27.Bf4 fxe4 28.Bxd6 
Qf7 29.Bxc5 exf3 30.Bxf3 Nd7 31.Rc6 Ne5 32.Be4 Nxc6 33.dxc6 Bf5 34.Bd5 Be6
35.Bf3 h3 36.Ne4 Qf5 37.Bf2 hxg2 38.Bxg2 Be5 39.Bg3 Rb8 40.Qc1 Bxg3 41.
hxg3 Qe5 42.Ng5 Qd4+ 43.Kh2 Qh8+ 44.Kg1 Qd4+ 45.Kh2 Bf5 46.c7 Rf8 47.Qe1 
Qh8+ 48.Kg1 Qd4+ 49.Kh2 Qh8+ 1/2-1/2

[Event "19th Reykjavik op"]
[Site "Reykjavik ISL"]
[Date "2000.04.07"]
[Round "3.13"]
[White "Olafsson, Helgi"]
[Black "Steindorsson, Sigurdur Pall"]
[Result "0-1"]
[WhiteElo "2491"]
[BlackElo "2056"]
[EventDate "2000.04.05"]
[PlyCount "70"]

1.c4 Nf6 2.Nc3 e6 3.d4 Bb4 4.Qc2 d5 5.cxd5 exd5 6.Bg5 O-O 7.e3 h6 8.Bh4 c6
9.Bd3 Nbd7 10.Ne2 b6 11.O-O Bb7 12.Rad1 Re8 13.Bf5 Be7 14.f3 c5 15.Rfe1 
cxd4 16.Nxd4 Ne5 17.Bf2 g6 18.Bh3 Bc5 19.Nb3 Qe7 20.Nxc5 bxc5 21.b3 Rad8 
22.Bg3 Nh5 23.Bxe5 Qxe5 24.Na4 c4 25.bxc4 dxc4 26.Rxd8 Rxd8 27.Qxc4 Qa5 
28.Rc1 Ba6 29.Qh4 g5 30.Qxh5 Qd2 31.Ra1 Qxe3+ 32.Kh1 Be2 33.Qg4 Bd1 34.Qb4
Qf2 35.Qc5 Rd4 0-1

[Event "19th Reykjavik op"]
[Site "Reykjavik ISL"]
[Date "2000.04.07"]
[Round "3.14"]
[White "Christiansen, Larry"]
[Black "Sigfusson, Sigurdur"]
[Result "1-0"]
[WhiteElo "2596"]
[BlackElo "2215"]
[EventDate "2000.04.05"]
[PlyCount "51"]

1.c4 Nf6 2.Nc3 d5 3.cxd5 Nxd5 4.g3 g6 5.Bg2 c6 6.Nf3 Bg7 7.d4 O-O 8.O-O 
Na6 9.e4 Nxc3 10.bxc3 c5 11.h3 cxd4 12.cxd4 Be6 13.Ba3 Bc4 14.Re1 b5 15.
Qd2 Qc7 16.Rac1 Rac8 17.Bf1 Qb7 18.Bxc4 Rxc4 19.Rxc4 bxc4 20.Qa5 Rb8 21.
Kg2 e6 22.Rc1 Qc6 23.d5 exd5 24.exd5 Qc8 25.d6 Rb6 26.Qd5 1-0